| 000 | 00415nam a2200157Ia 4500 | ||
|---|---|---|---|
| 003 | GCL | ||
| 008 | 140319s9999 xx 000 0 eng d | ||
| 040 |
_aGCL / _cGCL |
||
| 082 | 0 | 4 |
_a759 _bG C |
| 100 | 1 | _aGATT, GIUSEPPE | |
| 245 | 1 | 0 |
_aCONSTABLE / _cGATT, GIUSEPPE |
| 260 |
_a[S.N] : _bTHAMES AND HUDSON ، _c1980 |
||
| 650 | 0 | 4 | _aART MODERN 19TH CENTURY |
| 650 | 0 | 4 | _aCONSTABLE, JOHN (1776-1837) |
| 942 |
_2ddc _cBK |
||
| 999 |
_c25012 _d25012 |
||